000 00380nam a2200169Ia 4500
005 20250423100937.0
008 250422s9999 xx 000 0 und d
020 _a9789386053671
050 _aHM 24 .A24/
100 _aAcharya, B. C.
245 0 _aSociological thought
260 _aNew Delhi
260 _bWisdom Press
260 _c2018
300 _a259 p
942 _cBK
999 _c34817
_d34817